Thoughts on man
This book introduce a new concept of man: Why a new concept of man, the universe, man and the universe, the potential of man, the meaning of human society, the development of Japan through. The way of man...
Salvato in:
| Autore principale: | |
|---|---|
| Natura: | Libro |
| Lingua: | Undetermined |
| Pubblicazione: |
Tokyo
PHP Institute International
1982
|
| Soggetti: | |
| Tags: |
Aggiungi Tag
Nessun Tag, puoi essere il primo ad aggiungerne! !
|
| Thư viện lưu trữ: | Trung tâm Học liệu Trường Đại học Cần Thơ |
|---|
| LEADER | 00748nam a2200205Ia 4500 | ||
|---|---|---|---|
| 001 | CTU_98598 | ||
| 008 | 210402s9999 xx 000 0 und d | ||
| 082 | |a 128 | ||
| 082 | |b M434 | ||
| 100 | |a Konosuke, Matsushita | ||
| 245 | 0 | |a Thoughts on man | |
| 245 | 0 | |c Konosuke Matsushita | |
| 260 | |a Tokyo | ||
| 260 | |b PHP Institute International | ||
| 260 | |c 1982 | ||
| 520 | |a This book introduce a new concept of man: Why a new concept of man, the universe, man and the universe, the potential of man, the meaning of human society, the development of Japan through. The way of man... | ||
| 650 | |a Nhân loại,Human beings | ||
| 650 | |x Cuộc sống,Life | ||
| 904 | |i Hiếu | ||
| 980 | |a Trung tâm Học liệu Trường Đại học Cần Thơ | ||